| 000 | 00865nam a2200229 a 4500 | ||
|---|---|---|---|
| 001 | BRCA_7981 | ||
| 005 | 20190320210100.0 | ||
| 008 | 120314s1972----mx-a###f##---#000-0#spa-# | ||
| 041 | _aspa | ||
| 044 | _amx | ||
| 050 | 4 |
_aML35 _b.F418 |
|
| 245 | 1 | 0 | _aIII Festival Acapulco. |
| 260 |
_aMéxico _c[1972] |
||
| 300 |
_a1 v. _bil. a color _c23 cm. |
||
| 500 | _a3014 | ||
| 520 | 3 | _aLugar privilegiado que sirvió de marco para que un grupo de damas, bajo la presidencia de la Sra. Florene de Schoenbrün, organizaran un festival anual de características culturales, turísticas y benéficas | |
| 650 | 1 | 4 |
_aFestivales _vMúsica _zMéxico (Acapulco, Guerrero) _919794 |
| 650 | 1 | 4 |
_aFestivales _vArte _zMéxico (Acapulco, Guerrero) _919795 |
| 711 | 2 |
_aIII Festival Acapulco _d25 febrero - 10 marzo [1972] _cAcapulco, Guerrero _919796 |
|
| 902 | _aGFM | ||
| 942 |
_2lcc _cB |
||
| 999 |
_c7650 _d7650 |
||